000 01939nam a22002297a 4500
999 _c60379
_d60379
003 Ge_BSU
005 20230707114708.0
008 230707s1979ge xxu||||| |||| 00| 0 geo d
041 _ageo
080 _a94(479.22)"03/06+32(479.22) ბ-79
100 _aბოგვერაძე, ანრი, ავტორი
_919191
245 _aქართლის პოლიტიკური და სოციალურ-ეკონომიკური განვითარება IV-VIII საუკუნეებში /
_b
_cა. ბოგვერაძე ; რედ. მ. დუმბაძე ; მხატვარი მ. თალაკვაძე
264 _aთბილისი :
_bმეცნიერება,
_c1979.
300 _a232 გვ. ;
_b 22 სმ.
504 _aბიბლიოგრაფია ტექსტის შენიშვნებში.
653 _aსაქართველოს ძველი ისტორია -- 4-8 სს. საქართველოს პოლიტიკური განვითარება. საქართველოს სოციალურ-ეკონომიკური განვითარება.
700 _aდუმბაძე, მ.
_eრედაქტორი
_919192
700 _aთალაკვაძე, მ
_eმხატვარი
_93133
710 _aსაქართველოს სსრ მეცნიერებათა აკადემია, ივ. ჯავახიშვილის სახ. ისტორიის, არქეოლოგიისა და ეთნოგრაფიის ინსტიტუტი.
_918718
856 _uhttps://dspace.nplg.gov.ge/bitstream/1234/378345/5/QartlisPolitikuriDaSocialurEkonomikuriGanvitarebaIV-VIIISaukuneebshi_Gateqstebuli.pdf
_yელექტრონული ვერსია
942 _2udc
_cBK